[Event "PRO League Stage"]
[Site "Chess.com INT"]
[Date "2018.02.14"]
[Round "6"]
[White "Otchiyev, Arslan"]
[Black "Roberson, Peter T"]
[Result "0-1"]
[WhiteElo "2369"]
[BlackElo "2412"]
[PlyCount "72"]
[EventDate "2018.01.18"]
[EventType "team-swiss (rapid)"]
[EventRounds "9"]
[EventCountry "USA"]
[SourceTitle "CBM 182 Extra"]
[Source "ChessBase"]
[SourceDate "2018.02.23"]
[SourceVersion "1"]
[SourceVersionDate "2018.02.23"]
[SourceQuality "1"]
[WhiteTeam "London Lions"]
[BlackTeam "London Towers"]
[WhiteTeamCountry "ENG"]
[BlackTeamCountry "ENG"]

1. e4 e6 2. d4 d5 3. Nd2 c5 4. Ngf3 cxd4 5. Nxd4 Nf6 6. exd5 Nxd5 7. N2f3 Bb4+ 8. Bd2 0-0 9. c3 Bd6 10. Bd3 e5 11. Ne2 Re8 12. Bc4 Be6 13. Ng5 Nc7 14. Nxe6 Nxe6 15. 0-0 Nc6 16. Ng3 Qc7 17. Nf5 Bf8 18. Qe2 Rad8 19. Rad1 Kh8 20. a3 g6 21. Ng3 Bg7 22. Ba2 f5 23. Bc1 Nf4 24. Qf3 Ne6 25. Rxd8 Qxd8 26. Rd1 Qe7 27. Rd5 e4 28. Qd1 Ne5 29. Bh6 Nd3 30. Bxg7+ Qxg7 31. Qb3 Nef4 32. Rd4 Qe5 33. Qf7 e3 34. Ne4 Ne2+ 35. Kf1 Nxd4 36. cxd4 e2+ 0-1

[Event "PRO League Stage"]
[Site "Chess.com INT"]
[Date "2018.02.14"]
[Round "6"]
[White "Rendle, Thomas E"]
[Black "Otchiyev, Arslan"]
[Result "1-0"]
[WhiteElo "2362"]
[BlackElo "2369"]
[PlyCount "79"]
[EventDate "2018.01.18"]
[EventType "team-swiss (rapid)"]
[EventRounds "9"]
[EventCountry "USA"]
[SourceTitle "CBM 182 Extra"]
[Source "ChessBase"]
[SourceDate "2018.02.23"]
[SourceVersion "1"]
[SourceVersionDate "2018.02.23"]
[SourceQuality "1"]
[WhiteTeam "London Towers"]
[BlackTeam "London Lions"]
[WhiteTeamCountry "ENG"]
[BlackTeamCountry "ENG"]

1. e4 e5 2. Nf3 Nc6 3. Bc4 Nf6 4. d3 Bc5 5. c3 a6 6. Bb3 h6 7. h3 d6 8. Nbd2 Ba7 9. Nf1 d5 10. Qe2 dxe4 11. dxe4 Be6 12. Ng3 0-0 13. 0-0 Qe7 14. Nh4 Bxb3 15. axb3 Qe6 16. b4 Ne7 17. Nhf5 Nxf5 18. Nxf5 Kh7 19. Qf3 Rg8 20. Be3 Bxe3 21. fxe3 Rad8 22. Rf2 Qc4 23. Ng3 Rd6 24. Raf1 Re8 25. Nf5 Rde6 26. Nxg7 Kxg7 27. Qg3+ Kh8 28. Rxf6 Qxe4 29. Rxf7 Rg6 30. Qf3 Qxf3 31. R1xf3 Reg8 32. g4 R6g7 33. Kf2 Rd8 34. Rf8+ Rxf8 35. Rxf8+ Kh7 36. Re8 Rd7 37. Ke2 Rd5 38. Re7+ Kg6 39. Rxc7 b5 40. Rc5 1-0

[Event "Nabokov Memorial-A 8th"]
[Site "Kiev"]
[Date "2010.06.12"]
[Round "8"]
[White "Otchiyev, Arslan"]
[Black "Baryshpolets, Andrey"]
[Result "0-1"]
[WhiteElo "2409"]
[BlackElo "2445"]
[PlyCount "68"]
[EventDate "2010.06.05"]
[EventType "tourn"]
[EventRounds "11"]
[EventCountry "UKR"]
[EventCategory "9"]
[SourceTitle "CBM 136 Extra"]
[Source "ChessBase"]
[SourceDate "2010.07.02"]
[SourceVersion "2"]
[SourceVersionDate "2010.07.15"]
[SourceQuality "1"]

1. e4 c5 2. Nf3 d6 3. d4 cxd4 4. Nxd4 Nf6 5. Nc3 Nc6 6. Bc4 e6 7. Be3 Be7 8. Qe2 a6 9. 0-0-0 Qc7 10. Bb3 0-0 11. Rhg1 Nd7 12. g4 Nc5 13. g5 b5 14. Qh5 b4 15. Nxc6 Nxb3+ 16. axb3 Qxc6 17. Na4 Qxe4 18. Rd4 Qg6 19. Qd1 Rb8 20. h4 e5 21. h5 Qf5 22. Rdg4 Rb5 23. Qd2 d5 24. g6 fxg6 25. hxg6 h6 26. f4 d4 27. Bf2 Qe4 28. Re1 Qf3 29. Rgg1 Qxf4 30. Bxd4 Qxd2+ 31. Kxd2 Rd8 32. c3 bxc3+ 33. bxc3 Bg5+ 34. Kc2 Bf5+ 0-1

[Event "Nabokov Memorial-A 8th"]
[Site "Kiev"]
[Date "2010.06.10"]
[Round "6"]
[White "Otchiyev, Arslan"]
[Black "Itkis, Boris"]
[Result "0-1"]
[WhiteElo "2409"]
[BlackElo "2430"]
[PlyCount "102"]
[EventDate "2010.06.05"]
[EventType "tourn"]
[EventRounds "11"]
[EventCountry "UKR"]
[EventCategory "9"]
[SourceTitle "CBM 136 Extra"]
[Source "ChessBase"]
[SourceDate "2010.07.02"]
[SourceVersion "2"]
[SourceVersionDate "2010.07.15"]
[SourceQuality "1"]

1. e4 c5 2. Nf3 e6 3. d4 cxd4 4. Nxd4 a6 5. Nc3 b5 6. Bd3 Bb7 7. 0-0 Nc6 8. Be3 b4 9. Nxc6 Bxc6 10. Ne2 Nf6 11. f3 Qc7 12. Qe1 d5 13. e5 Qxe5 14. Bf4 Qxb2 15. Rb1 Qa3 16. Kh1 Be7 17. Nd4 Bd7 18. Qh4 Qa5 19. Rbe1 Qd8 20. Bg5 g6 21. Re2 Nh5 22. f4 h6 23. Bxe7 Qxe7 24. Qh3 Qf6 25. f5 Qxd4 26. fxe6 0-0 27. exd7 Nf4 28. Qxh6 Nxe2 29. Bxe2 Rad8 30. Bd3 Rxd7 31. h4 Rd6 32. Rf4 Qa1+ 33. Kh2 Qe5 34. g3 a5 35. Rg4 Rc8 36. h5 Rxc2+ 37. Bxc2 Qe2+ 38. Kh3 Qxc2 39. Qf4 Qe4 40. Qxe4 dxe4 41. hxg6 Rd2 42. gxf7+ Kxf7 43. Rf4+ Ke6 44. Rxe4+ Kd5 45. Re3 Rxa2 46. Re1 b3 47. g4 b2 48. Rb1 Ra3+ 49. Kh4 Rb3 50. g5 a4 51. g6 a3 0-1

[Event "Nabokov Memorial-A 8th"]
[Site "Kiev"]
[Date "2010.06.09"]
[Round "5"]
[White "Pavlov, Sergey"]
[Black "Otchiyev, Arslan"]
[Result "1-0"]
[WhiteElo "2497"]
[BlackElo "2409"]
[PlyCount "47"]
[EventDate "2010.06.05"]
[EventType "tourn"]
[EventRounds "11"]
[EventCountry "UKR"]
[EventCategory "9"]
[SourceTitle "CBM 136 Extra"]
[Source "ChessBase"]
[SourceDate "2010.07.02"]
[SourceVersion "2"]
[SourceVersionDate "2010.07.15"]
[SourceQuality "1"]

1. c4 Nf6 2. Nf3 g6 3. Nc3 Bg7 4. d4 0-0 5. g3 d6 6. Bg2 Nc6 7. 0-0 Bf5 8. b3 Ne4 9. Nd5 e6 10. Ne3 Nc3 11. Qd2 Ne4 12. Qb2 Nxd4 13. Nxd4 c5 14. Ndxf5 Bxb2 15. Nh6+ Kg7 16. Bxb2+ f6 17. Nhg4 h5 18. Bxe4 hxg4 19. Bxb7 Rb8 20. Bg2 Rh8 21. Nxg4 e5 22. f4 Qd7 23. h3 f5 24. fxe5 1-0